000170903 001__ 170903
000170903 005__ 20260429150232.0
000170903 037__ $$aTAZ-TFG-2025-253
000170903 041__ $$aspa
000170903 1001_ $$aFuertes Broto, Víctor
000170903 24200 $$aMeasures in the Personal Income Tax against changes of residence of individuals to non-cooperative jurisdictions
000170903 24500 $$aMedidas en el IRPF frente a los cambios de residencia de personas físicas a jurisdicciones no cooperativas
000170903 260__ $$aZaragoza$$bUniversidad de Zaragoza$$c2025
000170903 506__ $$aby-nc-sa$$bCreative Commons$$c3.0$$uhttp://creativecommons.org/licenses/by-nc-sa/3.0/
000170903 520__ $$aEn este trabajo llevo acabo un análisis profundo de las medidas defensivas implementadas en el IRPF previstas para cambios de residencia, especialmente a jurisdicciones no cooperativas, para desincentivar dichos traslados de residencia.<br />
000170903 521__ $$aGraduado en Derecho
000170903 540__ $$aDerechos regulados por licencia Creative Commons
000170903 691__ $$a0
000170903 692__ $$a
000170903 700__ $$aDe Miguel Arias, Sabina$$edir.
000170903 7102_ $$aUniversidad de Zaragoza$$b $$c
000170903 8560_ $$f815533@unizar.es
000170903 8564_ $$s338471$$uhttps://zaguan.unizar.es/record/170903/files/TAZ-TFG-2025-253.pdf$$yMemoria (spa)
000170903 909CO $$ooai:zaguan.unizar.es:170903$$pdriver$$ptrabajos-fin-grado
000170903 950__ $$a
000170903 951__ $$adeposita:2026-04-29
000170903 980__ $$aTAZ$$bTFG$$cDER
000170903 999__ $$a20250210165515.CREATION_DATE